[Event "4. Wittelsbacher Weihnachts-Schach-Open"]
[Site "Kelheim"]
[Date "2015.12.29"]
[Round "6.51"]
[White "Huchler, Stefan"]
[Black "Klimpel, Siegfried"]
[Result "0-1"]
[WhiteElo "1595"]
[BlackElo "1842"]
[PlyCount "42"]
[EventDate "2015.??.??"]
[WhiteTeam "Hohenems"]
[BlackTeam "TSV Kareth-Lappersdorf"]

1. e4 e5 2. Nf3 Nf6 3. Nc3 Nc6 4. d4 exd4 5. Nxd4 Bc5 6. Nxc6 bxc6 7. Bd3 d6 8.
Bg5 h6 9. Bh4 Rb8 10. Rb1 Be6 11. O-O Qd7 12. h3 Bd4 13. Qf3 g5 14. e5 Bxe5 15.
Bg3 g4 16. hxg4 Nxg4 17. Bxe5 Nxe5 18. Qf6 Rg8 19. Bh7 Rxg2+ 20. Kh1 Bd5 21.
Qxh6 Rg6+ 0-1

[Event "4. Wittelsbacher Weihnachts-Schach-Open"]
[Site "Kelheim"]
[Date "2015.12.29"]
[Round "6.52"]
[White "Schulz, Siegfried"]
[Black "Antczak, Lena"]
[Result "1-0"]
[WhiteElo "1831"]
[BlackElo "1654"]
[PlyCount "83"]
[EventDate "2015.??.??"]
[WhiteTeam "TSV Kirchenlaibach"]
[BlackTeam "SK Kelheim"]

1. d4 f5 2. Nf3 Nf6 3. c4 e6 4. Nc3 Bb4 5. e3 Bxc3+ 6. bxc3 d6 7. Qb3 O-O 8.
Bd3 Qe8 9. O-O Kh8 10. Qc2 Qh5 11. Be2 Qe8 12. Nd2 e5 13. Re1 Nc6 14. Ba3 Ne7
15. dxe5 dxe5 16. Nf3 e4 17. Nd4 a6 18. c5 Nc6 19. f4 Be6 20. Rab1 Rb8 21. Rb2
Rg8 22. Reb1 Na5 23. Bxa6 Bc4 24. Bb4 Bxa6 25. Bxa5 Bd3 26. Qd2 Bxb1 27. Rxb1
Qd7 28. c4 g6 29. a3 Rge8 30. Qc1 Kg8 31. Rb2 Ra8 32. Bb4 Red8 33. Rd2 Qg7 34.
Ne6 Qe7 35. Nxd8 Rxd8 36. c6 Qe8 37. Rxd8 Qxd8 38. cxb7 Qb8 39. Qc3 Kf7 40. Qe5
Ne8 41. Qe7+ Kg8 42. Qf8# 1-0

[Event "4. Wittelsbacher Weihnachts-Schach-Open"]
[Site "Kelheim"]
[Date "2015.12.29"]
[Round "6.53"]
[White "Michel, Philipp"]
[Black "Stutz, Robert"]
[Result "0-1"]
[WhiteElo "1712"]
[BlackElo "1829"]
[PlyCount "70"]
[EventDate "2015.??.??"]
[WhiteTeam "SC Forchheim"]
[BlackTeam "TSV Grossmehring"]

1. c4 e6 2. Nc3 d5 3. e3 c6 4. d4 Nd7 5. Nf3 f5 6. Ng5 Qxg5 7. e4 Qd8 8. exd5
cxd5 9. cxd5 exd5 10. Qe2+ Be7 11. Nxd5 Qa5+ 12. Nc3 Ngf6 13. Bd2 a6 14. Ne4
Qd5 15. Nxf6+ Nxf6 16. Bb4 Qe4 17. Bxe7 Kxe7 18. Qxe4+ fxe4 19. O-O-O Bf5 20.
Re1 Kd6 21. Kd2 Rac8 22. Rc1 Rxc1 23. Kxc1 Rc8+ 24. Kd1 Kd5 25. b3 Kxd4 26. Kd2
Ng4 27. Be2 Nxf2 28. Rd1 Nxd1 29. Kxd1 e3 30. g4 Be4 31. b4 Rc2 32. a4 Ra2 33.
Ke1 Ra1+ 34. Bd1 Bf3 35. Kf1 Rxd1# 0-1

[Event "4. Wittelsbacher Weihnachts-Schach-Open"]
[Site "Kelheim"]
[Date "2015.12.29"]
[Round "6.54"]
[White "Mosler, Ernst"]
[Black "Ulmer, Heinz"]
[Result "0-1"]
[WhiteElo "1641"]
[BlackElo "1914"]
[PlyCount "106"]
[EventDate "2015.??.??"]
[WhiteTeam "SV Wettstetten"]

1. e4 d5 2. exd5 Qxd5 3. Nc3 Qa5 4. Nf3 Bg4 5. Be2 Nf6 6. d3 c6 7. Bd2 Qc7 8.
h3 Bxf3 9. Bxf3 e6 10. Qe2 Bd6 11. Ne4 Nxe4 12. Bxe4 Nd7 13. Bc3 e5 14. d4 O-O
15. Qd3 Nf6 16. O-O-O exd4 17. Bxd4 Be5 18. Bxe5 Qxe5 19. Rhe1 Qa5 20. a3 Rad8
21. Qe2 Rxd1+ 22. Rxd1 Re8 23. f3 g6 24. Qd3 Qe5 25. Qd4 Qf4+ 26. Qd2 Qxd2+ 27.
Rxd2 Nxe4 28. fxe4 Rxe4 29. Rd7 b5 30. Kd1 a5 31. Rc7 Re6 32. Kd2 Kg7 33. Kd3
h5 34. b3 h4 35. c3 Rf6 36. Ke3 g5 37. b4 axb4 38. axb4 Kg6 39. Ke2 Re6+ 40.
Kf2 f5 41. Rc8 Kf7 42. Rc7+ Kf6 43. Rc8 Ke5 44. Rg8 Kf4 45. Rc8 g4 46. hxg4
fxg4 47. Rf8+ Kg5 48. Rg8+ Rg6 49. Rf8 Rf6+ 50. Rxf6 Kxf6 51. Ke2 Kf5 52. Kf1
Ke4 53. Ke2 h3 0-1

[Event "4. Wittelsbacher Weihnachts-Schach-Open"]
[Site "Kelheim"]
[Date "2015.12.29"]
[Round "6.55"]
[White "Baedorf, Robert"]
[Black "Fritsch, Julian"]
[Result "0-1"]
[WhiteElo "1697"]
[BlackElo "1377"]
[PlyCount "70"]
[EventDate "2015.??.??"]
[WhiteTeam "SF Illingen"]
[BlackTeam "SK Kelheim"]

1. e4 d6 2. Nf3 g6 3. Bc4 Bg7 4. O-O Nf6 5. d3 e5 6. h3 O-O 7. c3 Nc6 8. Bg5
Na5 9. Nbd2 Nxc4 10. Nxc4 b5 11. Ne3 c6 12. a4 Qb6 13. a5 Qc7 14. b4 h6 15.
Bxf6 Bxf6 16. Rc1 Be6 17. Nd2 d5 18. Ng4 Bg7 19. Nb3 dxe4 20. dxe4 Rad8 21. Qc2
f5 22. Nc5 Bc4 23. exf5 gxf5 24. Ne3 Bxf1 25. Ne6 Qd6 26. Nxd8 Bd3 27. Qa2+ Kh8
28. Ne6 Rg8 29. Nc5 f4 30. Nxd3 fxe3 31. Qc2 e4 32. Ne1 exf2+ 33. Qxf2 Rf8 34.
Qe3 Qe5 35. Qxa7 Qf4 0-1

[Event "4. Wittelsbacher Weihnachts-Schach-Open"]
[Site "Kelheim"]
[Date "2015.12.29"]
[Round "6.56"]
[White "Hartmann, Willibald"]
[Black "Lohr, Maximilian"]
[Result "1-0"]
[WhiteElo "1546"]
[BlackElo "1383"]
[Annotator "Doe,John"]
[PlyCount "69"]
[EventDate "2015.??.??"]
[WhiteTeam "TSV Mindelheim"]
[BlackTeam "TSV Mainburg"]

1. d4 d5 2. c4 c6 3. Nc3 e6 4. a3 f5 5. Nf3 Nf6 6. cxd5 exd5 7. Bg5 Be7 8. Bxf6
Bxf6 9. e3 Be6 10. Qb3 Qc7 11. Be2 O-O 12. O-O Nd7 13. Rac1 Nb6 14. e4 fxe4 15.
Nxe4 Rae8 16. Nxf6+ Rxf6 17. Ne5 Nd7 18. f4 Ref8 19. Qe3 Qb6 20. b4 a6 21. Bd3
Qd8 22. Rf2 Bf5 23. Bxf5 Rxf5 24. Rcf1 Nb6 25. g3 Re8 26. Qd3 Ref8 27. Qc2 Qd6
28. Qc5 Qxc5 29. bxc5 Nc4 30. Rb1 Nxe5 31. dxe5 Re8 32. Rb6 Rf7 33. Rfb2 Ree7 {
??? Fehlerhaft} 34. Rxa6 g6 35. Ra8+ 1-0

[Event "4. Wittelsbacher Weihnachts-Schach-Open"]
[Site "Kelheim"]
[Date "2015.12.29"]
[Round "6.57"]
[White "Hirn, Thomas"]
[Black "Weindl, Robert"]
[Result "1-0"]
[WhiteElo "1771"]
[BlackElo "1269"]
[PlyCount "101"]
[EventDate "2015.??.??"]
[WhiteTeam "TuS Fürstenfeldbruck"]
[BlackTeam "SK Landshut"]

1. e4 e5 2. Nf3 Nc6 3. Bb5 f5 4. Bxc6 dxc6 5. Nxe5 Qg5 6. Qf3 f4 7. d4 Be6 8.
Bxf4 Qe7 9. Nc3 O-O-O 10. O-O-O Nf6 11. Bg5 Qe8 12. Bxf6 gxf6 13. Qxf6 Bb4 14.
d5 cxd5 15. Nxd5 Bxd5 16. Rxd5 Rxd5 17. exd5 Kb8 18. Nd3 Rf8 19. Qe6 Qb5 20.
Nxb4 Qxb4 21. Re1 a6 22. f3 Qf4+ 23. Qe3 Qxh2 24. Qf2 Rg8 25. Rg1 Qf4+ 26. Kb1
Qe5 27. c4 Qh2 28. a3 Rg6 29. Qf1 Qg3 30. Ka2 h6 31. Qe2 Rb6 32. Qd1 Qg7 33.
Qd2 Qf6 34. c5 Rb5 35. Qc3 Qf5 36. Rd1 Qf8 37. b4 a5 38. Qc4 c6 39. d6 axb4 40.
axb4 b6 41. d7 Qd8 42. cxb6 Rxb6 43. Qc5 Ra6+ 44. Kb3 Kb7 45. Rd6 Kc7 46. b5
Rb6 47. Rxc6+ Rxc6 48. Qxc6+ Kb8 49. Qc8+ Qxc8 50. dxc8=Q+ Kxc8 51. Kb4 1-0

[Event "4. Wittelsbacher Weihnachts-Schach-Open"]
[Site "Kelheim"]
[Date "2015.12.29"]
[Round "6.58"]
[White "Voigt, Tobias"]
[Black "Tautz, Helmut"]
[Result "1/2-1/2"]
[WhiteElo "1594"]
[BlackElo "1522"]
[PlyCount "78"]
[EventDate "2015.??.??"]
[WhiteTeam "SK München Südost"]
[BlackTeam "SK Kelheim"]

1. d4 Nc6 2. Nf3 d5 3. Bf4 e6 4. e3 h6 5. h3 Nf6 6. Bd3 Bd6 7. O-O Bxf4 8. exf4
Bd7 9. Ne5 Nxd4 10. Bg6 fxg6 11. Qxd4 O-O 12. Nxg6 Re8 13. Nc3 b6 14. f5 exf5
15. Nxd5 Nxd5 16. Qxd5+ Be6 17. Qxd8 Raxd8 18. a3 Kh7 19. Nf4 Rd2 20. Rfe1 Bf7
21. Rxe8 Bxe8 22. Rc1 g5 23. Nd3 Re2 24. Kf1 Re7 25. Re1 Rxe1+ 26. Kxe1 c5 27.
Ke2 Bc6 28. g3 Bb5 29. Ke3 Kg6 30. Ne5+ Kf6 31. f4 Ke6 32. c3 h5 33. h4 gxh4
34. gxh4 Kd5 35. b3 Bf1 36. c4+ Kd6 37. a4 a5 38. Kd2 Bh3 39. Nd3 Bg4 1/2-1/2

[Event "4. Wittelsbacher Weihnachts-Schach-Open"]
[Site "Kelheim"]
[Date "2015.12.29"]
[Round "6.59"]
[White "Moseler, Thomas"]
[Black "Ponomarev, Maximilian"]
[Result "1/2-1/2"]
[WhiteElo "1628"]
[BlackElo "1253"]
[PlyCount "60"]
[EventDate "2015.??.??"]
[WhiteTeam "SK Lister Turm"]
[BlackTeam "SC Tarrasch München"]

1. e4 d5 2. exd5 Qxd5 3. Nc3 Qd6 4. d4 Nf6 5. Nf3 c6 6. Be2 Bf5 7. h3 h6 8. Be3
Nbd7 9. Qd2 Qc7 10. Bf4 Qd8 11. O-O-O e6 12. Bd3 Bxd3 13. Qxd3 Bb4 14. Ne2 Nb6
15. c3 Bd6 16. Bxd6 Qxd6 17. Ne5 Nbd7 18. Qg3 O-O 19. f4 Qc7 20. Kb1 Rad8 21.
Qf3 c5 22. Rc1 Nxe5 23. dxe5 Nd5 24. g4 Rd7 25. g5 hxg5 26. fxg5 Qxe5 27. h4
Qf5+ 28. Qxf5 exf5 29. Rcd1 Rfd8 30. Kc1 Nf4 1/2-1/2

[Event "4. Wittelsbacher Weihnachts-Schach-Open"]
[Site "Kelheim"]
[Date "2015.12.29"]
[Round "6.60"]
[White "Meier, Jannik"]
[Black "Kutschera, Reinhardt"]
[Result "1-0"]
[WhiteElo "1353"]
[BlackElo "1535"]
[PlyCount "97"]
[EventDate "2015.??.??"]
[WhiteTeam "TV Tegernsee"]
[BlackTeam "DJK-Regensburg Nord"]

1. e4 d6 2. d4 Nf6 3. Nc3 g6 4. Nf3 Bg7 5. Bc4 Bg4 6. h3 Bxf3 7. Qxf3 O-O 8.
Be3 c6 9. O-O-O Nbd7 10. g4 b5 11. Bb3 a5 12. a3 b4 13. Nb1 a4 14. Bc4 Qb6 15.
h4 Rab8 16. Kd2 d5 17. Bd3 e5 18. dxe5 Nxe5 19. Qg3 Qc7 20. exd5 cxd5 21. Bf4
Nfxg4 22. Qxg4 Qxc2+ 23. Bxc2 Nxg4 24. Bxb8 Nxf2 25. Bd6 Rd8 26. Bxb4 Nxh1 27.
Rxh1 Bxb2 28. Bc3 Rb8 29. Bxb2 Rxb2 30. Kc3 Rb8 31. Bxa4 h5 32. Rd1 Kf8 33. Bb3
Re8 34. Bxd5 Re3+ 35. Kc4 Rh3 36. Rd4 Rh2 37. Kb3 Ke7 38. a4 f6 39. a5 Kd6 40.
Bb7+ Kc7 41. a6 Kb8 42. Na3 g5 43. hxg5 fxg5 44. Nb5 Rh3+ 45. Kb4 Rh4 46. Rxh4
gxh4 47. Kc5 h3 48. Kb6 h2 49. a7# 1-0

[Event "4. Wittelsbacher Weihnachts-Schach-Open"]
[Site "Kelheim"]
[Date "2015.12.29"]
[Round "6.61"]
[White "Burgard, Manfred"]
[Black "Erdösi, Anna"]
[Result "1/2-1/2"]
[WhiteElo "1565"]
[BlackElo "1184"]
[PlyCount "49"]
[EventDate "2015.??.??"]
[WhiteTeam "SF Roding"]
[BlackTeam "TV Tegernsee"]

1. d4 d5 2. c4 e6 3. Nc3 Nf6 4. cxd5 exd5 5. Bg5 c6 6. e3 Nbd7 7. Bd3 Qa5 8. a3
Bd6 9. Nf3 O-O 10. O-O h6 11. Bh4 Re8 12. Qc2 Qc7 13. b4 Ng4 14. Bg3 Bxg3 15.
hxg3 Ndf6 16. Rac1 a6 17. a4 Qd6 18. b5 a5 19. Ra1 Bd7 20. Rfb1 Rac8 21. Bf5 b6
22. Bxd7 Qxd7 23. Qd3 Qd6 24. bxc6 Qxc6 25. Nb5 1/2-1/2

[Event "4. Wittelsbacher Weihnachts-Schach-Open"]
[Site "Kelheim"]
[Date "2015.12.29"]
[Round "6.62"]
[White "Schilay, Eva"]
[Black "Gehrke, Jakob"]
[Result "1-0"]
[WhiteElo "1429"]
[BlackElo "1294"]
[PlyCount "79"]
[EventDate "2015.??.??"]
[WhiteTeam "SK Neumarkt"]
[BlackTeam "TV Tegernsee"]

1. Nc3 e5 2. Nf3 Nc6 3. d4 exd4 4. Nxd4 Nf6 5. Bg5 Be7 6. Nf5 Nh5 7. Nxe7 Nxe7
8. e3 h6 9. Qxh5 d6 10. Bc4 g6 11. Qh4 Be6 12. Bxe6 fxe6 13. Ne4 Kf7 14. O-O-O
hxg5 15. Nxg5+ Kg8 16. Qg4 Qd7 17. Qxe6+ Qxe6 18. Nxe6 Rc8 19. h3 Kf7 20. Nf4
a5 21. Rd3 b5 22. Rhd1 Rhd8 23. e4 Kf6 24. Nd5+ Nxd5 25. Rxd5 Rb8 26. e5+ Ke6
27. exd6 cxd6 28. Rg5 Kf6 29. Rdd5 a4 30. Rxb5 Re8 31. Rxb8 Rxb8 32. Rg4 Ra8
33. Kd2 a3 34. b3 d5 35. Ra4 Rxa4 36. bxa4 Ke6 37. Kc3 Kd6 38. Kb4 Kc6 39. Kxa3
Kb6 40. Kb4 1-0

[Event "4. Wittelsbacher Weihnachts-Schach-Open"]
[Site "Kelheim"]
[Date "2015.12.29"]
[Round "6.63"]
[White "Guckes, Simon"]
[Black "Trefflich, Marcus"]
[Result "1-0"]
[WhiteElo "1584"]
[BlackElo "1371"]
[PlyCount "77"]
[EventDate "2015.??.??"]
[WhiteTeam "SV Worms"]
[BlackTeam "SC Treuchtlingen"]

1. e4 c6 2. d4 d5 3. Nc3 dxe4 4. f3 exf3 5. Nxf3 Bg4 6. Bc4 Nf6 7. Bxf7+ Kxf7
8. Ne5+ Kg8 9. Nxg4 Nxg4 10. Qxg4 Qd7 11. Qf4 Na6 12. O-O e6 13. Be3 h6 14. Ne4
Qe7 15. c3 Nc7 16. c4 Na6 17. a3 Re8 18. Rae1 Nc7 19. Qg3 Kh7 20. Bf4 Rc8 21.
Bd6 Qd8 22. Rf7 Ne8 23. Bxf8 Qxd4+ 24. Kh1 Rg8 25. Nf6+ Qxf6 26. Rxf6 Nxf6 27.
Be7 Ne8 28. h3 b5 29. cxb5 cxb5 30. Qd3+ Kh8 31. Qxb5 Nc7 32. Qe5 Nd5 33. Qxe6
Nf4 34. Qe4 Nh5 35. Qg4 Nf6 36. Bxf6 gxf6 37. Qf4 Rg6 38. Qf5 Rcg8 39. g4 1-0

[Event "4. Wittelsbacher Weihnachts-Schach-Open"]
[Site "Kelheim"]
[Date "2015.12.29"]
[Round "6.64"]
[White "Boos-Guckes, Astrid"]
[Black "Butenandt, Svenja"]
[Result "0-1"]
[WhiteElo "1483"]
[BlackElo "1419"]
[PlyCount "74"]
[EventDate "2015.??.??"]
[WhiteTeam "SV Worms"]
[BlackTeam "TV Tegernsee"]

1. e4 c5 2. c4 d6 3. Nc3 Nf6 4. g3 g6 5. Bg2 Bg7 6. d3 Nc6 7. Nge2 O-O 8. O-O
Bg4 9. Be3 a6 10. Qd2 Qd7 11. Bh6 Bh3 12. Bxg7 Kxg7 13. f4 Bxg2 14. Kxg2 Rab8
15. a4 Ng4 16. f5 Nd4 17. Nxd4 cxd4 18. Nd5 e6 19. f6+ Kh8 20. Nf4 Ne3+ 21. Kg1
Nxf1 22. Kxf1 e5 23. Ng2 Qg4 24. Qh6 Qf3+ 25. Kg1 Qxf6 26. Rf1 Qg7 27. Qg5 f6
28. Qg4 b5 29. Qe6 bxc4 30. Qxc4 f5 31. Qxa6 fxe4 32. dxe4 Rxf1+ 33. Kxf1 Qf6+
34. Kg1 Rf8 35. Qe2 d3 36. Qe1 d2 37. Qd1 Qf1+ 0-1

[Event "4. Wittelsbacher Weihnachts-Schach-Open"]
[Site "Kelheim"]
[Date "2015.12.30"]
[Round "7.1"]
[White "Hacker, Jonas"]
[Black "Promyshlyanskyy, Vitaliy"]
[Result "1/2-1/2"]
[WhiteElo "2357"]
[BlackElo "2244"]
[PlyCount "20"]
[EventDate "2015.??.??"]
[WhiteTeam "SC Eppingen"]
[BlackTeam "SC Noris-Tarrasch Nürnberg"]

1. e4 Nc6 2. Nf3 d6 3. d4 Nf6 4. Nc3 g6 5. d5 Nb8 6. Bc4 Bg7 7. O-O O-O 8. Bg5
c6 9. a4 a5 10. h3 Na6 1/2-1/2

[Event "4. Wittelsbacher Weihnachts-Schach-Open"]
[Site "Kelheim"]
[Date "2015.12.30"]
[Round "7.2"]
[White "Gießmann, Stephan"]
[Black "Eibl, Maximilian"]
[Result "0-1"]
[WhiteElo "2259"]
[BlackElo "2170"]
[PlyCount "64"]
[EventDate "2015.??.??"]
[WhiteTeam "SK Kelheim"]
[BlackTeam "SK Kelheim"]

1. d4 Nf6 2. Bf4 g6 3. Nf3 Bg7 4. e3 O-O 5. h3 d6 6. Be2 Nfd7 7. O-O Nc6 8. c4
e5 9. Bh2 f5 10. Nc3 e4 11. Nd2 Nf6 12. Rb1 g5 13. b4 Bh6 14. b5 Ne7 15. Re1
Kh8 16. Bf1 Rg8 17. Rb2 Ng6 18. Kh1 g4 19. f3 exf3 20. gxf3 Nh4 21. fxg4 fxg4
22. Nce4 Nf3 23. Re2 Nxh2 24. Rxh2 g3 25. Rg2 Nxe4 26. Nxe4 Qh4 27. Rxg3 Rxg3
28. Nxg3 Qxg3 29. Qh5 Qg6 30. Qd5 Bf5 31. Bg2 Rg8 32. Rf2 Bxh3 0-1

[Event "4. Wittelsbacher Weihnachts-Schach-Open"]
[Site "Kelheim"]
[Date "2015.12.30"]
[Round "7.3"]
[White "Belezky, Alexander"]
[Black "Kreuzer, Martin"]
[Result "1/2-1/2"]
[WhiteElo "2463"]
[BlackElo "2334"]
[PlyCount "97"]
[EventDate "2015.??.??"]
[WhiteTeam "FC Bayern München"]
[BlackTeam "SK Kelheim"]

1. Nf3 d5 2. g3 c6 3. Bg2 Nf6 4. b3 Bf5 5. Bb2 h6 6. d3 e6 7. O-O Nbd7 8. Nbd2
Bh7 9. e3 Bd6 10. Qe2 Qe7 11. a4 O-O 12. e4 e5 13. Nh4 Qe6 14. Rad1 Rfe8 15. h3
Rad8 16. Kh2 Nc5 17. Bf3 Qc8 18. Bg4 Nxg4+ 19. hxg4 f6 20. Nf5 Bf8 21. Bc1 a6
22. Rfe1 Bg6 23. Nf1 Bf7 24. f3 Kh7 25. Be3 Ne6 26. Qd2 d4 27. Bf2 g6 28. Nh4
Qc7 29. Re2 a5 30. Be1 Ra8 31. Ra1 Reb8 32. Kh1 b5 33. Rh2 Nc5 34. axb5 Rxb5
35. f4 a4 36. fxe5 Qxe5 37. Nf3 Qd6 38. g5 axb3 39. Rxa8 b2 40. Rxh6+ Bxh6 41.
Qh2 fxg5 42. Nxg5+ Kg7 43. Nxf7 Kxf7 44. Qxh6 Nd7 45. Qh7+ Kf6 46. Qh8+ Kf7 47.
Qg8+ Kf6 48. Qh8+ Kf7 49. Qg8+ 1/2-1/2

[Event "4. Wittelsbacher Weihnachts-Schach-Open"]
[Site "Kelheim"]
[Date "2015.12.30"]
[Round "7.4"]
[White "Zinner, Bernhard"]
[Black "Blodig, Constantin"]
[Result "0-1"]
[WhiteElo "1795"]
[BlackElo "2037"]
[PlyCount "44"]
[EventDate "2015.??.??"]
[WhiteTeam "TV Geiselhöring"]
[BlackTeam "SK Kelheim"]

1. d4 Nf6 2. c4 c5 3. d5 b5 4. Bg5 bxc4 5. Bxf6 exf6 6. e4 d6 7. Bxc4 g6 8. Ne2
Bg7 9. Nbc3 O-O 10. O-O f5 11. f3 Nd7 12. Rb1 Rb8 13. Nb5 Ne5 14. b3 Qe7 15.
Nbc3 Bd7 16. Qd2 Qf6 17. h3 f4 18. Bd3 Qh4 19. Nxf4 Bh6 20. Nce2 Nxd3 21. g3
Nxf4 22. gxh4 Nxh3+ 0-1

[Event "4. Wittelsbacher Weihnachts-Schach-Open"]
[Site "Kelheim"]
[Date "2015.12.30"]
[Round "7.6"]
[White "Kranzl, Julian"]
[Black "Braun, Michael"]
[Result "1-0"]
[WhiteElo "1929"]
[BlackElo "2041"]
[PlyCount "49"]
[EventDate "2015.??.??"]
[WhiteTeam "Hohenems"]
[BlackTeam "SG Büchenbach/Roth"]

1. e4 c5 2. Nc3 a6 3. g3 b5 4. Bg2 Bb7 5. d3 e6 6. Be3 Be7 7. Nf3 d5 8. exd5
exd5 9. d4 c4 10. O-O Nf6 11. Re1 O-O 12. Nb1 Nc6 13. c3 b4 14. Nbd2 Bc8 15.
Ne5 Qb6 16. Ndxc4 Qb5 17. Nxc6 Qxc6 18. Ne5 Qb6 19. c4 Bb7 20. c5 Qd8 21. Qb3
a5 22. a3 Rb8 23. axb4 axb4 24. Ra4 Qc7 25. Bf4 1-0

[Event "4. Wittelsbacher Weihnachts-Schach-Open"]
[Site "Kelheim"]
[Date "2015.12.30"]
[Round "7.7"]
[White "Kreuzer, Helmut"]
[Black "Bumes, Konrad"]
[Result "1/2-1/2"]
[WhiteElo "2121"]
[BlackElo "2022"]
[PlyCount "27"]
[EventDate "2015.??.??"]
[WhiteTeam "SK Kelheim"]
[BlackTeam "SC Haar"]

1. d4 d5 2. Nf3 Nf6 3. c4 c6 4. Qc2 g6 5. Bf4 Bf5 6. Qc1 Bg7 7. e3 Nbd7 8. h3
Rc8 9. c5 Ne4 10. a3 f6 11. g4 e5 12. Bh2 Be6 13. Bd3 O-O 14. Nbd2 1/2-1/2

[Event "4. Wittelsbacher Weihnachts-Schach-Open"]
[Site "Kelheim"]
[Date "2015.12.30"]
[Round "7.8"]
[White "Ebenhöch, Daniel"]
[Black "Gabler, Eric"]
[Result "0-1"]
[WhiteElo "2041"]
[BlackElo "1919"]
[PlyCount "83"]
[EventDate "2015.??.??"]
[WhiteTeam "SK Ingolstadt"]
[BlackTeam "TV Geiselhöring"]

1. d4 Nf6 2. Nf3 d5 3. c4 e6 4. Nc3 a6 5. cxd5 exd5 6. Bg5 Be7 7. e3 O-O 8. Bd3
c6 9. Qc2 h6 10. Bxf6 Bxf6 11. h3 Be6 12. O-O Nd7 13. b4 Be7 14. Rab1 Rc8 15.
Rfc1 b5 16. Ne2 a5 17. bxa5 Qxa5 18. Nf4 Bd6 19. Bh7+ Kh8 20. Nxe6 fxe6 21. Nh4
Rfe8 22. Bg6 Rf8 23. Bd3 Rfe8 24. e4 Qd8 25. Ng6+ Kg8 26. e5 Ba3 27. Re1 Nf8
28. Nf4 Re7 29. Rb3 Rf7 30. Nh5 Qh4 31. Rxa3 Qxh5 32. Re3 Qh4 33. g4 Rf4 34.
Qd2 Qe7 35. Rg3 g5 36. Ra6 b4 37. Rb6 c5 38. dxc5 Qxc5 39. Rb7 Qc1+ 40. Qxc1
Rxc1+ 41. Kg2 Rd1 42. Rc7 0-1

[Event "4. Wittelsbacher Weihnachts-Schach-Open"]
[Site "Kelheim"]
[Date "2015.12.30"]
[Round "7.9"]
[White "Lechermann, Markus"]
[Black "Seifert, Werner"]
[Result "1/2-1/2"]
[WhiteElo "2043"]
[BlackElo "1985"]
[PlyCount "47"]
[EventDate "2015.??.??"]
[WhiteTeam "MTV Ingolstadt"]
[BlackTeam "SV WB Allianz München"]

1. d4 Nf6 2. Bf4 g6 3. e3 Bg7 4. Nf3 d6 5. h3 O-O 6. Be2 c5 7. c3 cxd4 8. exd4
Re8 9. O-O Nfd7 10. Na3 e5 11. Bh2 Nc6 12. Nb5 Nb6 13. dxe5 dxe5 14. Nd6 Re6
15. Nxc8 Rxc8 16. Qxd8+ Rxd8 17. Rfd1 Red6 18. Rxd6 Rxd6 19. Rd1 Rxd1+ 20. Bxd1
Nc4 21. b3 Nd6 22. a4 Ne4 23. c4 f6 24. Kf1 1/2-1/2

[Event "4. Wittelsbacher Weihnachts-Schach-Open"]
[Site "Kelheim"]
[Date "2015.12.30"]
[Round "7.10"]
[White "Schmitz, Björn"]
[Black "Goderbauer, Benedikt"]
[Result "1/2-1/2"]
[WhiteElo "2052"]
[BlackElo "1971"]
[PlyCount "42"]
[EventDate "2015.??.??"]
[WhiteTeam "SV Saal/Donau"]
[BlackTeam "SC Moosburg"]

1. d4 Nf6 2. Nf3 g6 3. g3 Bg7 4. Bg2 O-O 5. O-O d6 6. c4 Nc6 7. b3 a6 8. Bb2
Na5 9. Nbd2 c5 10. h3 b5 11. dxc5 dxc5 12. cxb5 axb5 13. Qc2 Qb6 14. Rfc1 Nb7
15. Ne5 Bf5 16. e4 Be6 17. Nd3 Rac8 18. Nf4 Na5 19. Nxe6 Qxe6 20. Qc3 b4 21.
Qc2 Rfd8 1/2-1/2

[Event "4. Wittelsbacher Weihnachts-Schach-Open"]
[Site "Kelheim"]
[Date "2015.12.30"]
[Round "7.12"]
[White "Schmid, Bernhard"]
[Black "Boos, Patrick"]
[Result "0-1"]
[WhiteElo "1904"]
[BlackElo "2046"]
[PlyCount "63"]
[EventDate "2015.??.??"]
[WhiteTeam "SC Sinzing"]
[BlackTeam "SV Worms"]

1. d4 Nf6 2. c4 c5 3. d5 b5 4. cxb5 a6 5. bxa6 Bxa6 6. Nc3 d6 7. Nf3 g6 8. g3
Bg7 9. Bg2 O-O 10. O-O Nbd7 11. Rb1 Ng4 12. Bd2 Qc7 13. Qc2 Rfb8 14. Rfe1 Qa7
15. h3 Nge5 16. Nxe5 Bxe5 17. b3 Bd4 18. e3 Bg7 19. f4 Rb7 20. a4 Rab8 21. Na2
Rc7 22. Kh2 e5 23. e4 exf4 24. gxf4 g5 25. Bf1 gxf4 26. Bxa6 Qxa6 27. Bxf4 Kh8
28. Rg1 Rg8 29. b4 Ne5 30. b5 Qb6 31. Qe2 Qa5 32. Bd2 0-1

[Event "4. Wittelsbacher Weihnachts-Schach-Open"]
[Site "Kelheim"]
[Date "2015.12.30"]
[Round "7.13"]
[White "Glawe, Ralf"]
[Black "Müller, Jochen"]
[Result "1/2-1/2"]
[WhiteElo "1997"]
[BlackElo "1745"]
[PlyCount "118"]
[EventDate "2015.??.??"]
[WhiteTeam "MTV Ingolstadt"]
[BlackTeam "Spvgg Stetten"]

1. e4 c5 2. c3 d5 3. exd5 Qxd5 4. d4 cxd4 5. cxd4 Nc6 6. Nf3 Bg4 7. Be2 e6 8.
Nc3 Bb4 9. O-O Qa5 10. a3 Nf6 11. axb4 Qxa1 12. Qb3 Bxf3 13. Be3 Qxf1+ 14. Bxf1
Bd5 15. Qa3 O-O 16. b5 Nb8 17. b6 Nc6 18. Qc5 Nd7 19. Qb5 Nxb6 20. Nxd5 exd5
21. h4 Ne7 22. Bd3 f5 23. Bg5 Nc6 24. Qc5 Rae8 25. Bb5 Re6 26. b3 f4 27. Bxc6
bxc6 28. Qc1 f3 29. g3 Nd7 30. Qc3 Nf6 31. Bf4 Nh5 32. Be5 g6 33. Qa5 Rfe8 34.
Qxa7 R6e7 35. Qb6 Re6 36. Qb7 Nf6 37. g4 R6e7 38. Qb6 Nxg4 39. Qxc6 Nxe5 40.
dxe5 Rxe5 41. Kh2 R8e6 42. Qc8+ Kf7 43. Kg3 Rf5 44. b4 Rd6 45. Qc7+ Ke6 46. b5
Rf7 47. Qc8+ Rdd7 48. b6 Ke5 49. Qe8+ Kd6 50. Qe3 Kc6 51. Qd4 Rb7 52. Qe3 Kb5
53. Qb3+ Kc5 54. Qe3+ d4 55. Qa3+ Kc4 56. Qa4+ Kd3 57. Qb3+ Kd2 58. Qb2+ Kd3
59. Qb3+ Kd2 1/2-1/2

[Event "4. Wittelsbacher Weihnachts-Schach-Open"]
[Site "Kelheim"]
[Date "2015.12.30"]
[Round "7.14"]
[White "Müller, Dennis"]
[Black "Schwenck, Mathias"]
[Result "1/2-1/2"]
[WhiteElo "1729"]
[BlackElo "1920"]
[PlyCount "22"]
[EventDate "2015.??.??"]
[WhiteTeam "SC Kreut"]
[BlackTeam "SC Moosburg"]

1. e4 d5 2. Nc3 dxe4 3. Nxe4 Qd5 4. Nc3 Qa5 5. Nf3 Nf6 6. d3 Bf5 7. g3 c6 8.
Bg2 e6 9. O-O Qc7 10. Re1 Nbd7 11. Bd2 Be7 1/2-1/2

[Event "4. Wittelsbacher Weihnachts-Schach-Open"]
[Site "Kelheim"]
[Date "2015.12.30"]
[Round "7.15"]
[White "Bildt, Thomas"]
[Black "Schmidt, Franz"]
[Result "1-0"]
[WhiteElo "1981"]
[BlackElo "1828"]
[PlyCount "145"]
[EventDate "2015.??.??"]
[WhiteTeam "SK Zirndorf"]
[BlackTeam "SK Abensberg"]

1. e4 e5 2. Nf3 Nc6 3. Bb5 a6 4. Ba4 Nf6 5. O-O d6 6. Re1 b5 7. Bb3 Be7 8. c3
Na5 9. Bc2 c5 10. d4 Qc7 11. h3 O-O 12. Bg5 Nc6 13. d5 Nd8 14. Nbd2 Ne8 15.
Bxe7 Qxe7 16. b4 cxb4 17. cxb4 g6 18. a4 Rb8 19. Bd3 Bd7 20. axb5 Bxb5 21. Bxb5
axb5 22. Qe2 Qb7 23. Qe3 f6 24. Ra7 Qc8 25. Qa3 Rf7 26. Rxf7 Nxf7 27. Rc1 Qb7
28. Nb3 f5 29. Na5 Qd7 30. Nc6 Rb7 31. exf5 gxf5 32. Qa8 Kg7 33. Nh4 Nh6 34.
Nd8 Ra7 35. Qb8 Kf6 36. Ne6 Rb7 37. Qa8 Ra7 38. Qb8 Rb7 39. Qc8 Qxc8 40. Rxc8
Ke7 41. Nd8 Kd7 42. Ra8 Rb6 43. Nc6 Nf6 44. Ra7+ Ke8 45. Re7+ Kf8 46. Re6 Nxd5
47. Rxd6 Nf7 48. Rxd5 Rxc6 49. Nxf5 Rb6 50. Kf1 e4 51. Ke2 Ng5 52. h4 Ne6 53.
Ke3 Nc7 54. Rd8+ Kf7 55. Rd7+ Ke6 56. Rxc7 Kxf5 57. Rc5+ Kg4 58. g3 h6 59. Re5
Rc6 60. Rxe4+ Kf5 61. g4+ Kf6 62. g5+ hxg5 63. hxg5+ Kxg5 64. Re5+ Kf6 65. Rxb5
Rc3+ 66. Kf4 Rc4+ 67. Kg3 Rd4 68. f4 Rc4 69. Kg4 Rc6 70. Rh5 Rc4 71. Rh6+ Kg7
72. Rb6 Rc1 73. Kg5 1-0